| 000 | 00786nam a22002177a 4500 | ||
|---|---|---|---|
| 999 |
_c17607 _d17607 |
||
| 003 | AR-CdUCM | ||
| 008 | 190509b ||||| |||| 00| 0 spa d | ||
| 040 |
_aMUNICIPALIDAD PROVINCIAL DEL CUSCO _cBIBLIOTECA MUNICIPAL DEL CUSCO |
||
| 082 |
_a346.25 / _bC13 |
||
| 100 |
_aCabrera Shaw, Modesto Federico _937727 |
||
| 245 | _aLa moral del divorcio / | ||
| 260 |
_aArgentina : _bRosario, _c1952. |
||
| 300 |
_a124 páginas ; _c20 cm. |
||
| 505 | _aContenido: Evolución de la moral erótica -- Afinidad -- Matrimonio, amor y sexo -- El matrimonio y el estado -- Los hijos -- Extremos de la realidad ... | ||
| 650 |
_aMatrimonio _916386 |
||
| 650 |
_aRespeto _937728 |
||
| 650 |
_aValores _95705 |
||
| 650 |
_aUnión conyugal _937729 |
||
| 942 |
_2ddc _cLIBROS |
||
| 945 |
_aachl _d2019-05-09 |
||